000 00302 a2200145 4500
001 188417
020 _a978-0-721-43858-0
040 _cMagnum
240 1 0 _aThe puppies´story
_lpor
245 1 0 _aThe puppies´story
300 _a24
362 0 _a1996
697 _aLITERATURA INGLESA
942 _cBK
999 _c188417
_d188417